000 00727cam a22002653a 4500
001 1740
003 PGUSA
005 20140828083005.0
008 990501s1999||||xxu|||||s|||||000 1 eng d
040 _aPGUSA
_beng
042 _adc
050 4 _aPS
100 1 _aBower, B. M.,
_d1874-1940
245 1 4 _aThe Flying U's Last Stand
_h[electronic resource] /
_cB. M. Bower
260 _bProject Gutenberg,
_c1999
506 _aPublic domain in the USA.
516 _aElectronic text
653 _aMontana -- Fiction
653 _aCowboys -- Fiction
653 _aRanch life -- Fiction
653 _aWestern stories
830 0 _aProject Gutenberg
_v1740
856 4 0 _uhttp://www.gutenberg.org/ebooks/1740
942 _cEB
999 _c231086
_d231086